000 00931cam a2200301 a 4500
001 303
003 BD-RjUL
005 20211208233144.0
008 131117s1992 nyu g b 00| 0 eng d
020 _a0387975284
020 _a3540975284
035 _a(BD-RjUL)320
040 _aDLC
_cBD-RjUL
_dBD-RjUL
_beng
041 _aeng
082 0 0 _a001.4222
_221
_bSAM 1992
100 1 _aSärndal, Carl-Erik,
_9965
245 1 0 _aModel assisted survey sampling /
_cCarl-Erik Särndal, Bengt Swensson and Jan Wretman.
250 _aCorr. 4th print.
260 _aNew York :
_bSpringer -Verlag
_cc1992
300 _axv, 694 p. :
_c25 cm.
504 _aIncludes bibliographical references (p. 666-679) and indexes.
526 _bStatistics
650 0 _aSampling (Statistics)
_9967
700 1 _aSwensson, Bengt.
_9968
700 1 _aWretman, Jan Hȧkan,
_d1939-
_9969
942 _2ddc
_cBK
999 _c303
_d303